Normale Ansicht MARC-Ansicht ISBD

Decisionesjuris consultorum Witebergensium, super izi quaestionibus practicis, inceptae (Titelsatznr. 74574)

[ MARC ]
MARC-Details
000 -Satzkennung
Kontrollfeld mit fester Länge 00415nam a2200145 4500
001 - Kontrollnummer
Kontrollfeld 14037
007 - Feld mit fester Länge zur physischen Beschreibung - Allgemeine Information
Kontrollfeld mit fester Länge tu
008 - Feld mit fester Länge zur physischen Beschreibung - Allgemeine Angaben
Kontrollfeld mit fester Länge s1572||||||| lat
100 1# - Haupteintragung - Personenname
Personenname Teuber, Michael
245 00 - Titel
Titel Decisionesjuris consultorum Witebergensium, super izi quaestionibus practicis, inceptae
Verfasserangabe etc. Autore D. Michaele Teubero
264 ## - Produktion, Veröffentlichung, Distribution, Herstellung und Urheberrechtsvermerk
Datum der Herstellung, der Veröffentlichung, des Vertriebs oder des Urheberschutzvermerks [15]72
300 ## - Physische Beschreibung
Umfang 191, 162 gez. Bl.
365 ## - Handelspreis
Währungscode
546 ## - Fußnote zur Sprache
Sprache latein und deutsch
Exemplare
Ausgeschieden Verloren Klassifikation oder Aufstellungssystematik Beschädigt Nicht entleihbar Heimatbibliothek Aufenthaltsbibliothek Erwerbungsdatum Kodierter Standort-Qualifier Anzahl Ausleihen Signatur Letzte Aktivität Exemplarnummer Preis gültig von Koha-Medientyp
    Andere/Generische Klassifikation     Stadtarchiv Frankfurt (Oder) | Archivbibliothek Stadtarchiv Frankfurt (Oder) | Archivbibliothek 25/11/2020 M   Altsignatur: HsM 2° 6/2 Verweis StAFF 3-805 - Fol. 601 25/11/2020 64/288 25/11/2020 Bücher